| 000 | 00416nam a2200133Ia 4500 | ||
|---|---|---|---|
| 003 | GCL | ||
| 008 | 140319s9999 xx 000 0 ara d | ||
| 040 |
_aGCL / _cGCL |
||
| 082 | 0 | 4 |
_a920.71 _bع م |
| 100 | 1 | _aعمر رضا كحالة | |
| 245 | 1 | 0 |
_aالمستدرك على ترجم المؤلفين : تراجم مصنفى الكتب العربية / _cعمر رضا كحالة |
| 300 | _a893 | ||
| 490 |
_aكتاب _v0 |
||
| 999 |
_c41760 _d41760 |
||